书目信息 |
| 题名: |
图解高效液相色谱技术与应用
|
|
| 作者: | 于世林 著 | |
| 分册: | ||
| 出版信息: | 北京 科学出版社 2009.05 |
|
| 页数: | 13, 467页 | |
| 开本: | 24cm | |
| 丛书名: | 图解版分析技术与实例丛书 | |
| 单 册: | ||
| 中图分类: | O657.7-64 | |
| 科图分类: | ||
| 主题词: | 液相色谱--ye xiang se pu--图解 | |
| 电子资源: | ||
| ISBN: | 978-7-03-024381-2 | |
| 000 | 01059nam 2200265 450 | |
| 001 | 012009458906 | |
| 005 | 20090918091840.28 | |
| 010 | @a978-7-03-024381-2@dCNY58.00 | |
| 100 | @a20090624d2009 em y0chiy0120 ea | |
| 101 | 0 | @achi |
| 102 | @aCN@b110000 | |
| 105 | @aa z 000yy | |
| 106 | @ar | |
| 200 | 1 | @a图解高效液相色谱技术与应用@Atu jie gao xiao ye xiang se pu ji shu yu ying yong@f于世林著@Fyu shi lin zhu |
| 210 | @a北京@c科学出版社@d2009.05 | |
| 215 | @a13, 467页@c图@d24cm | |
| 225 | 2 | @a图解版分析技术与实例丛书@Atu jie ban fen xi ji shu yu shi li cong shu |
| 330 | @a本书对高效液相色谱法的特点,仪器组成,测定中使用的固定相、流动相和梯度洗脱方法做了重点介绍,还对体积排阻色谱法、离子(交换)色谱法和亲和色谱法做了扩展介绍。 | |
| 410 | 0 | @12001 @a图解版分析技术与实例丛书 |
| 517 | 1 | @a高效液相色谱技术与应用@Agao xiao ye xiang se pu ji shu yu ying yong |
| 606 | 0 | @a液相色谱@Aye xiang se pu@j图解 |
| 690 | @aO657.7-64@v4 | |
| 701 | 0 | @a于世林@Ayu shi lin@4著 |
| 801 | 0 | @aCN@bQSSK@c20090918 |
| 905 | @b755036-38@dO657.7-64@eY721@f3 | |
| 图解高效液相色谱技术与应用/于世林著.-北京:科学出版社,2009.05 |
| 13, 467页:图;24cm.-(图解版分析技术与实例丛书) |
| ISBN 978-7-03-024381-2:CNY58.00 |
| 本书对高效液相色谱法的特点,仪器组成,测定中使用的固定相、流动相和梯度洗脱方法做了重点介绍,还对体积排阻色谱法、离子(交换)色谱法和亲和色谱法做了扩展介绍。 |
| ● |
| 相关链接 |
|
|
|
正题名:图解高效液相色谱技术与应用
索取号:O657.7-64/Y721
 
预约/预借
| 序号 | 登录号 | 条形码 | 馆藏地/架位号 | 状态 | 备注 |
| 1 | 755036 | 207550363 | 自科库401/401自科库 66排2列3层/ [索取号:O657.7-64/Y721] | 在馆 | |
| 2 | 755037 | 207550372 | 自科库401/401自科库 66排2列3层/ [索取号:O657.7-64/Y721] | 在馆 | |
| 3 | 755038 | 207550381 | 自科库401/401自科库 66排2列3层/ [索取号:O657.7-64/Y721] | 在馆 |